COMPLETE FOUNDATION GUIDE (Record no. 204411)

MARC details
000 -LEADER
fixed length control field 00567nam a22001817a 4500
005 - DATE AND TIME OF LATEST TRANSACTION
control field 20240724163345.0
010 ## - LCCN (DPL NO)
LC control number ENG-140961
020 ## - INTERNATIONAL STANDARD BOOK NUMBER
Terms of availability 740.00
International Standard Book Number 9789355018502
035 ## - SYSTEM CONTROL NUMBER
System control number EN-124493
037 ## - SOURCE OF ACQUISITION
Source of stock number/acquisition DBAD/PUB
082 ## - DEWEY DECIMAL CLASSIFICATION NUMBER
Classification number 510
100 ## - MAIN ENTRY--PERSONAL NAME
Personal name Verma Sanjeev
245 ## - TITLE STATEMENT
Title COMPLETE FOUNDATION GUIDE
Remainder of title FOR IIT-JEE MATHEMATICS /
Statement of responsibility, etc SANJEEV VERMA
260 ## - PUBLICATION, DISTRIBUTION, ETC. (IMPRINT)
Place of publication, distribution, etc Uttar Pradesh
Name of publisher, distributor, etc EURASIA PUBLISING HOUSE
Date of publication, distribution, etc 2019
270 ## - ADDRESS
City Uttar Pradesh
Address D-92, Sector 2, Noida,Uttar Pradesh
Postal code 201301
300 ## - PHYSICAL DESCRIPTION
Extent 466vpp.
Dimensions 27(pb)
942 ## - ADDED ENTRY ELEMENTS (KOHA)
Source of classification or shelving scheme Dewey Decimal Classification
Item type English Books
Classification part 510
Call number suffix rma
Holdings
Withdrawn status Lost status Not for loan Collection code Home library Current library Date acquired Source of acquisition Cost, normal purchase price Full call number Barcode Copy number Cost, replacement price Koha item type
      Non-fiction Patel Nagar Patel Nagar 24/07/2024 DBAD 740.00 510. VER EN-124493 1 740.00 English Books

© Delhi Public Library
Hit Counter
free hit counter